Catálogo público

(Record no. 184238)

MARC details
000 -CABECERA
campo de control de longitud fija 00534nam a2200157Ia 4500
001 - NÚMERO DE CONTROL
campo de control IA_4738,12/04/2012,21/05/2012,5232272011 mx tl 8222223322spa16,"
008 - DATOS DE LONGITUD FIJA--INFORMACIÓN GENERAL
campo de control de longitud fija 220117s xx 000 0 und d
010 ## - NÚMERO DE CONTROL DE LA BIBLIOTECA DEL CONGRESO
Número de control de LC 184238
090 ## - LOCALMENTE ASIGNADO TIPO-LC NÚMERO DE CLASIFICACIÓN (OCLC); NÚMERO DE CLASIFICACIÓN LOCAL (RLIN)
Número de clasificación (OCLC) (R) ; Numero de clasificación, CALL (RLIN) (NR) Tesis H47 2011
100 ## - ENTRADA PRINCIPAL--NOMBRE DE PERSONA
Nombre de persona Hernández García
9 (RLIN) 155437
504 ## - NOTA DE BIBLIOGRAFÍA, ETC.
Nota de bibliografía, etc. Bibliografía: p. 55-56
520 ## - SUMARIO, ETC.
Sumario, etc. El presente trabajo tuvo como objetivos
942 ## - ELEMENTOS DE PUNTO DE ACCESO ADICIONAL (KOHA)
Tipo de ítem Koha

No items available.